Loading...
| LEADER | 00787nam a22001937a 4500 | ||
|---|---|---|---|
| 008 | 180914b xxu||||| |||| 00| 0 eng d | ||
| 999 | |c 24534 |d 24534 | ||
| 082 | |a W 305.5122 |b RAD | ||
| 100 | |a രാധാകൃഷ്ണന്, ചെറുവാച്ചേരി | ||
| 240 | |a Varnavum jaathiyum / | ||
| 245 | |a വര്ണവും ജാതിയും / |c ചെറുവാച്ചേരി രാധാകൃഷ്ണന് | ||
| 250 | |a 1st ed. | ||
| 260 | |a വടകര : |c 2015. | ||
| 300 | |a 79p. | ||
| 650 | |a Study | ||
| 650 | |a Cast | ||
| 700 | |a Radhakrishnan, Cheruvachery | ||
| 942 | |2 ddc |c REF | ||
| 952 | |0 0 |1 0 |2 ddc |4 0 |5 1 |6 W_305_512200000000000_RAD |7 0 |9 33595 |a MAIN |b MAIN |d 2018-09-14 |e Gift - prof. Raghava Warrier |g 80.00 |o W 305.5122 RAD |p 32989 |r 2018-09-14 |t 1 |w 2018-09-14 |y BK | ||